000 01078nam a2200325 c 4500
999 _c54116
_d54116
003 BLK
005 20250212100700.0
008 180408b bul|||||r ||||||| ||bul||
010 _aKNG00058060000
020 _a978-954-28-0869-5
040 _aBLK
041 _aBUL
_cBUL
072 7 _2bullib
_aН84
_xБългарска художествена литература Н
080 _aБългарска литература
_b821.163.2
_x-32
_z821.163.2-32
100 1 _aПарушев, Радослав Маринов
_eпърви автор
_9285398
139 _aПарушев, Радослав Маринов
_bП 24
245 1 0 _aЖивотът не е за всеки
_cРадослав Маринов Парушев.
257 _aBGR
260 _bCiela Soft and Publ.
_c2011
300 _a160 с.
_c21 см
380 _aX
659 _aН
852 _aЦб 254393
856 4 _qpdf
856 4 _qpdf
942 _cKNG
_n0
_01
944 _aCR
_c12.01.2012
_lМартин Енчев
_k30575
944 _aED
_c19.01.2012
_lф /
999 _d54116